000 00682nam a22001577a 4500
003 OSt
005 20151006145032.0
008 151006b xxu||||| |||| 00| 0 eng d
040 _cRUA
082 _aAVM SEA 2005 B075 Or.1
100 _92177
_aSEANG SOKHON
245 _aThe effect of using fermented rice bran with ruminant faces on growth rate of broiler chicken, (ឥទ្ធិពលនៃការប្រើប្រាស់ល្បើងកន្ទក់លាយជាមួយលាមកគោទៅលើការលូតលាស់របស់មាន់សាច់)
260 _aphnom penh
_brua
_c2005
300 _ax, 50p.
_bill.
_c29cm.
942 _2ddc
_cAVM
999 _c2048
_d2048